Vývoj prípravy učiteľov ekonómov v Slovenskej republike

História prípravy učiteľov ekonómov. Charakteristia šiestich etáp prípravy učiteľov ekonómov od čias Rakúsko-Uhorska po dnešok.

Salvato in:
Dettagli Bibliografici
Autore principale: Šlosár, Rudolf
Natura: Capitolo di libro
Lingua:slovacco
Soggetti:
Tags: Aggiungi Tag
Nessun Tag, puoi essere il primo ad aggiungerne!!

MARC

LEADER 00000naa$a2200000$$$4500
001 0039807
005 20240502071505.5
041 0 |a slo 
044 |a SK 
245 1 0 |a Vývoj prípravy učiteľov ekonómov v Slovenskej republike  |c Rudolf Šlosár 
520 |a História prípravy učiteľov ekonómov. Charakteristia šiestich etáp prípravy učiteľov ekonómov od čias Rakúsko-Uhorska po dnešok. 
610 2 0 |a história 
610 2 0 |a Slovensko 
610 2 0 |a učitelia 
610 2 0 |a ekonómovia 
610 2 0 |a ekonómia 
610 2 0 |a príprava odborná 
610 2 0 |a výučba vedecká 
610 2 0 |a vzdelávanie 
100 1 |a Šlosár, Rudolf